Operations management for competitive advantage / (Record no. 1770)
[ view plain ]
| 000 -LEADER | |
|---|---|
| fixed length control field | 01895nam a2200217Ia 4500 |
| 020 ## - INTERNATIONAL STANDARD BOOK NUMBER | |
| ISBN | 9780071260480 (pbk.) |
| 020 ## - INTERNATIONAL STANDARD BOOK NUMBER | |
| ISBN | 0071115528 (pbk.) |
| 050 ## - CALL NUMBER | |
| Classification number | TS155.C4237 |
| 100 1# - AUTHOR | |
| Personal name | Chase, Richard B. |
| 245 10 - TITLE | |
| Title | Operations management for competitive advantage / |
| Statement of responsibility, etc | Richard B. Chase, F. Robert Jacobs, Nicholas J. Aquilano. |
| 250 ## - EDITION | |
| Edition statement | 11th ed., international ed. |
| 260 ## - PUBLICATION INFORMATION | |
| Place of publication | Boston : |
| Name of publisher | McGraw-Hill/Irwin, |
| Year of publication | c2007. |
| 300 ## - DESCRIPTION | |
| Number of Pages | xix, 806 p : |
| Other physical details | ill. ; |
| Dimensions | 28 cm. |
| 440 #0 - SERIES | |
| SERIES | McGraw-Hill/Irwin series. |
| 500 ## - NOTES | |
| General note | Includes index |
| 505 ## - FORMATTED CONTENTS NOTE | |
| Table of Content | SECTION ONE OPERATIONS STRATEGY AND MANAGING CHANGE 1 Introduction to the Field 2 Operations Strategy and Competitiveness Technical Note 2 Optimizing the Use of Resources with Linear Programming 3 Project Management 4 Product Design Technical Note 4 Learning Curves SECTION TWO PROCESS SELECTION AND DESIGN 5 Process Analysis Technical Note 5 Job Design and Work Measurement 6 Manufacturing Process Selection and Design Technical Note 6 Facility Layout 7 Service Process Selection and Design Technical Note 7 Waiting Line Management 8 Quality Management: Focus on Six Sigma Technical Note 8 Process Capability and Statistical Quality Control 9 Operations Consulting and Reengineering SECTION THREE SUPPLY CHAIN DESIGN 10 Supply Chain Strategy 11 Strategic Capacity Management Technical Note 11 Facility Location 12 Lean Production SECTION FOUR PLANNING AND CONTROLLING THE SUPPLY CHAIN Managerial Briefing Enterprise Resource Planning Systems 13 Forecasting 14 Aggregate Sales and Operations Planning 15 Inventory Control 16 Material Requirements Planning 17 Operations Scheduling Technical Note 17 Simulation 18 Synchronous Manufacturing and Theory of Constraints SUPPLEMENTS A Financial Analysis B Operations Technology |
| 650 #0 - SUBJECTS | |
| Topical Term | Production management. |
| 700 1# - OTHER AUTHORS | |
| Personal name | Jacobs, F. Robert. |
| 700 1# - OTHER AUTHORS | |
| Personal name | Aquilano, Nicholas J. |
| 942 ## - ADDED ENTRY ELEMENTS (KOHA) | |
| Koha item type | Books |
| Withdrawn status | Lost status | Collection code | Home library | Current library | Shelving location | Date acquired | Full call number | Accession Number | Koha item type |
|---|---|---|---|---|---|---|---|---|---|
| Reference | Methodist University Library Main | Methodist University Library Main | General Stacks | 17/01/2018 | TS155.C4237 | 29144 | Books |